Phòng bệnh trẻ em
Đại cương về bệnh trẻ em. Phát hiện sớm một số bệnh thông thường và có các biện pháp phòng bệnh tích cực cho trẻ để nâng cao thể lực cho trẻ từ 0 đến 6 tuổi
Zapisane w:
| 1. autor: | |
|---|---|
| Format: | Książka |
| Język: | Vietnamese |
| Wydane: |
H.
Đại học Quốc gia Hà Nội
2005
|
| Wydanie: | In lần thứ 3 |
| Hasła przedmiotowe: | |
| Etykiety: |
Dodaj etykietę
Nie ma etykietki, Dołącz pierwszą etykiete!
|
| Thư viện lưu trữ: | Mạng thư viện Đại học Đà Nẵng |
|---|
| LEADER | 01468aam a22003858a 4500 | ||
|---|---|---|---|
| 001 | 000006295 | ||
| 003 | 2450 | ||
| 005 | 20120524070501.0 | ||
| 008 | 110907s2005 viesd | ||
| 020 | |c 11000đ |d 2000b | ||
| 041 | |a vie | ||
| 082 | 1 | 4 | |2 14 |a 618.92 |b LA-T |
| 084 | |a N733 | ||
| 100 | 0 | |a Lại Kim Thúy | |
| 245 | |a Phòng bệnh trẻ em |c Lại Kim Thúy | ||
| 250 | |a In lần thứ 3 | ||
| 260 | |a H. |b Đại học Quốc gia Hà Nội |c 2005 | ||
| 300 | |a 120tr. |b bảng |c 21cm | ||
| 500 | |a ĐTTS ghi: Trường Cao đẳng Sư phạm nhà trẻ - Mẫu giáo TW 1 | ||
| 504 | |a Thư mục: tr. 120 | ||
| 520 | |a Đại cương về bệnh trẻ em. Phát hiện sớm một số bệnh thông thường và có các biện pháp phòng bệnh tích cực cho trẻ để nâng cao thể lực cho trẻ từ 0 đến 6 tuổi | ||
| 650 | 7 | |2 Bộ TK TVQG |a Bệnh trẻ em | |
| 650 | 7 | |2 Bộ TK TVQG |a Phòng bệnh | |
| 650 | 7 | |2 Bộ TK TVQG |a Điều trị | |
| 910 | |a Minh |d 7/9/2011 | ||
| OWN | |a LSP | ||
| AVA | |a UDN50 |b LSP |d 618.92 LA-T |e check_holdings |t Error 5003 Not defined in file expand_doc_bib_avail. |h N |k 1 | ||
| 999 | |a From the UDN01 | ||
| AVA | |a UDN50 |b LSP |d 618.92 LA-T |e available |t Error 5001 Not defined in file expand_doc_bib_avail. |f 20 |g 0 |h N |i 0 |k 1 | ||
| TYP | |a Monograph | ||
| TYP | |a Printed language | ||
| 980 | |a Mạng thư viện Đại học Đà Nẵng | ||